MDQL
is popping MORE tags! Check the
thread
!
Quizzes
Events
Quiz Creation
Community
Videos
Private Events
Remove Ads
Sign In
Join for FREE
Feedback
Dark Mode
Quiz Categories
Sports
Geography
Music
Movies
Television
Just For Fun
Miscellaneous
History
Literature
Language
Science
Gaming
Entertainment
Religion
Holiday
For Kids
Quiz Lab
Recent
Popular Today
Quiz Kudos Today
Editor Picks
Curator Picks
Quizzes by...
Day
Popularity
Type
Ratings
Length
Year
Community
Subscriptions
Recent Discussions
Orange Saloon
Badges
Playlists
Quests
Create
Leaderboards
Showdown
Live 5
Trivia Bingo
Activity
Puzzle Library
Sporcle Events
Private Events
Virtual Trivia
Globe League
Become a Host
Pub Owners
SporcleCon
Opinionation
Our Games
Videos
Blog
Mobile Apps
Partnerships
Remove Ads and Go Orange
Feedback
Sports
Athletes
MLB
NBA
NHL
NFL
Soccer
Sports Teams
WWE
NCAA
Football
Premier League
Basketball
Baseball
Hockey
Golf
Tennis
Cricket
Rugby
Auto Racing
Olympics
World Cup
Sports
Athletes
MLB
NBA
NHL
NFL
Soccer
Sports Teams
WWE
NCAA
Football
Premier League
Basketball
Baseball
Hockey
Golf
Tennis
Cricket
Rugby
Auto Racing
Olympics
World Cup
Random Quiz
Search Sporcle
×
Quiz Lab
Quiz Lab
Sports
United States
Type in answers that appear in a list
Type in answers that appear in a list
Classic
Best Score? Go Orange.
ESPN USA Today Preseason and Final Football Top 10 Stats
Can you name the ESPN USA Today Preseason and Final Football Top 10?
By
jek3303
8m
210 Questions
111 Plays
111 Plays
111 Plays
Comments
Comments
Give Quiz Kudos
Give Quiz Kudos
-
- Ratings
hide this ad
Replay
Link that replays current quiz
Next Quiz
Link to next quiz in quiz playlist
You Got
0%
They Got
Avg Score
93%
Avg Friend Score
Upgrade to see
Score Distribution
Jump to the score distribution portion of the page
Score
0/210
Timer
08:00
0
Plays Today
Ranking
School
% Correct
2002 ESPN USA Today Preseason Poll
Texas
100%
2002 ESPN USA Today Final Poll
Texas
100%
2003 ESPN USA Today Preseason Poll
Texas
100%
2004 ESPN USA Today Preseason Poll
Texas
100%
2004 ESPN USA Today Final Poll
Texas
100%
2005 ESPN USA Today Preseason Poll
Texas
100%
2005 ESPN USA Today Final Poll
Texas
100%
2006 ESPN USA Today Preseason Poll
Texas
100%
2007 ESPN USA Today Preseason Poll
Texas
100%
2007 ESPN USA Today Final Poll
Texas
100%
2008 ESPN USA Today Preseason Poll
Texas
100%
2008 ESPN USA Today Final Poll
Texas
100%
2009 ESPN USA Today Preseason Poll
Texas
100%
2009 ESPN USA Today Final Poll
Texas
100%
2010 ESPN USA Today Preseason Poll
Texas
100%
2002 ESPN USA Today Preseason Poll
Florida
99.1%
2002 ESPN USA Today Final Poll
Southern California
99.1%
2003 ESPN USA Today Preseason Poll
Southern California
99.1%
2003 ESPN USA Today Final Poll
Southern California
99.1%
2004 ESPN USA Today Preseason Poll
Southern California
99.1%
2004 ESPN USA Today Preseason Poll
Florida
99.1%
2004 ESPN USA Today Final Poll
Southern California
99.1%
2005 ESPN USA Today Preseason Poll
Southern California
99.1%
2005 ESPN USA Today Final Poll
Southern California
99.1%
2006 ESPN USA Today Preseason Poll
Southern California
99.1%
2006 ESPN USA Today Preseason Poll
Florida
99.1%
2006 ESPN USA Today Final Poll
Florida
99.1%
2006 ESPN USA Today Final Poll
Southern California
99.1%
2007 ESPN USA Today Preseason Poll
Southern California
99.1%
2007 ESPN USA Today Preseason Poll
Florida
99.1%
2007 ESPN USA Today Final Poll
Southern California
99.1%
2008 ESPN USA Today Preseason Poll
Southern California
99.1%
2008 ESPN USA Today Preseason Poll
Florida
99.1%
2008 ESPN USA Today Final Poll
Florida
99.1%
2008 ESPN USA Today Final Poll
Southern California
99.1%
2009 ESPN USA Today Preseason Poll
Florida
99.1%
2009 ESPN USA Today Preseason Poll
Southern California
99.1%
2009 ESPN USA Today Final Poll
Florida
99.1%
2010 ESPN USA Today Preseason Poll
Florida
99.1%
2012 ESPN USA Today Preseason Poll
Southern California
99.1%
2002 ESPN USA Today Preseason Poll
Michigan
98.2%
2002 ESPN USA Today Final Poll
Michigan
98.2%
2003 ESPN USA Today Preseason Poll
Michigan
98.2%
2003 ESPN USA Today Final Poll
Louisiana State
98.2%
2003 ESPN USA Today Final Poll
Michigan
98.2%
2004 ESPN USA Today Preseason Poll
Louisiana State
98.2%
2004 ESPN USA Today Preseason Poll
Michigan
98.2%
2005 ESPN USA Today Preseason Poll
Michigan
98.2%
2005 ESPN USA Today Preseason Poll
Louisiana State
98.2%
2005 ESPN USA Today Final Poll
Louisiana State
98.2%
2005 ESPN USA Today Final Poll
Alabama
98.2%
2006 ESPN USA Today Preseason Poll
Louisiana State
98.2%
2006 ESPN USA Today Final Poll
Louisiana State
98.2%
2006 ESPN USA Today Final Poll
Michigan
98.2%
2007 ESPN USA Today Preseason Poll
Louisiana State
98.2%
2007 ESPN USA Today Preseason Poll
Michigan
98.2%
2007 ESPN USA Today Final Poll
Louisiana State
98.2%
2008 ESPN USA Today Preseason Poll
Louisiana State
98.2%
2008 ESPN USA Today Final Poll
Alabama
98.2%
2009 ESPN USA Today Preseason Poll
Alabama
98.2%
2009 ESPN USA Today Preseason Poll
Louisiana State
98.2%
2009 ESPN USA Today Final Poll
Alabama
98.2%
2010 ESPN USA Today Preseason Poll
Alabama
98.2%
2010 ESPN USA Today Final Poll
Louisiana State
98.2%
2011 ESPN USA Today Preseason Poll
Alabama
98.2%
2011 ESPN USA Today Preseason Poll
Louisiana State
98.2%
2011 ESPN USA Today Final Poll
Alabama
98.2%
2011 ESPN USA Today Final Poll
Louisiana State
98.2%
2011 ESPN USA Today Final Poll
Michigan
98.2%
2012 ESPN USA Today Preseason Poll
Louisiana State
98.2%
Ranking
School
% Correct
2012 ESPN USA Today Preseason Poll
Alabama
98.2%
2012 ESPN USA Today Preseason Poll
Michigan
98.2%
2002 ESPN USA Today Preseason Poll
Miami (FL)
97.3%
2002 ESPN USA Today Final Poll
Ohio State
97.3%
2002 ESPN USA Today Final Poll
Miami (FL)
97.3%
2003 ESPN USA Today Preseason Poll
Ohio State
97.3%
2003 ESPN USA Today Preseason Poll
Miami (FL)
97.3%
2003 ESPN USA Today Final Poll
Ohio State
97.3%
2003 ESPN USA Today Final Poll
Miami (FL)
97.3%
2004 ESPN USA Today Preseason Poll
Miami (FL)
97.3%
2004 ESPN USA Today Preseason Poll
Ohio State
97.3%
2005 ESPN USA Today Preseason Poll
Miami (FL)
97.3%
2005 ESPN USA Today Preseason Poll
Ohio State
97.3%
2005 ESPN USA Today Final Poll
Ohio State
97.3%
2006 ESPN USA Today Preseason Poll
Ohio State
97.3%
2006 ESPN USA Today Final Poll
Ohio State
97.3%
2007 ESPN USA Today Preseason Poll
Ohio State
97.3%
2007 ESPN USA Today Final Poll
Ohio State
97.3%
2008 ESPN USA Today Preseason Poll
Ohio State
97.3%
2009 ESPN USA Today Preseason Poll
Ohio State
97.3%
2009 ESPN USA Today Final Poll
Ohio State
97.3%
2010 ESPN USA Today Preseason Poll
Ohio State
97.3%
2010 ESPN USA Today Final Poll
Ohio State
97.3%
2008 ESPN USA Today Final Poll
Oregon
96.4%
2010 ESPN USA Today Final Poll
Oregon
96.4%
2011 ESPN USA Today Preseason Poll
Oregon
96.4%
2011 ESPN USA Today Final Poll
Oregon
96.4%
2012 ESPN USA Today Preseason Poll
Oregon
96.4%
2002 ESPN USA Today Final Poll
Georgia
94.6%
2003 ESPN USA Today Preseason Poll
Georgia
94.6%
2003 ESPN USA Today Final Poll
Georgia
94.6%
2004 ESPN USA Today Preseason Poll
Georgia
94.6%
2004 ESPN USA Today Final Poll
Georgia
94.6%
2005 ESPN USA Today Final Poll
Georgia
94.6%
2006 ESPN USA Today Final Poll
Boise State
94.6%
2007 ESPN USA Today Final Poll
Georgia
94.6%
2008 ESPN USA Today Preseason Poll
Georgia
94.6%
2008 ESPN USA Today Final Poll
Georgia
94.6%
2009 ESPN USA Today Final Poll
Boise State
94.6%
2010 ESPN USA Today Preseason Poll
Boise State
94.6%
2010 ESPN USA Today Final Poll
Stanford
94.6%
2010 ESPN USA Today Final Poll
Boise State
94.6%
2011 ESPN USA Today Preseason Poll
Stanford
94.6%
2011 ESPN USA Today Preseason Poll
Boise State
94.6%
2011 ESPN USA Today Final Poll
Boise State
94.6%
2011 ESPN USA Today Final Poll
Stanford
94.6%
2012 ESPN USA Today Preseason Poll
Georgia
94.6%
2002 ESPN USA Today Preseason Poll
Oklahoma
93.7%
2002 ESPN USA Today Preseason Poll
Tennessee
93.7%
2002 ESPN USA Today Final Poll
Oklahoma
93.7%
2003 ESPN USA Today Preseason Poll
Oklahoma
93.7%
2003 ESPN USA Today Final Poll
Oklahoma
93.7%
2004 ESPN USA Today Preseason Poll
Oklahoma
93.7%
2004 ESPN USA Today Final Poll
Oklahoma
93.7%
2005 ESPN USA Today Preseason Poll
Tennessee
93.7%
2005 ESPN USA Today Preseason Poll
Oklahoma
93.7%
2006 ESPN USA Today Preseason Poll
Oklahoma
93.7%
2007 ESPN USA Today Preseason Poll
Oklahoma
93.7%
2007 ESPN USA Today Final Poll
Oklahoma
93.7%
2008 ESPN USA Today Preseason Poll
Oklahoma
93.7%
2008 ESPN USA Today Final Poll
Oklahoma
93.7%
2009 ESPN USA Today Preseason Poll
Oklahoma
93.7%
2010 ESPN USA Today Preseason Poll
Oklahoma
93.7%
2010 ESPN USA Today Final Poll
Oklahoma
93.7%
2011 ESPN USA Today Preseason Poll
Oklahoma
93.7%
2012 ESPN USA Today Preseason Poll
Oklahoma
93.7%
2006 ESPN USA Today Final Poll
Wisconsin
92.8%
2007 ESPN USA Today Preseason Poll
Wisconsin
92.8%
2010 ESPN USA Today Final Poll
Wisconsin
92.8%
2011 ESPN USA Today Preseason Poll
Wisconsin
92.8%
Ranking
School
% Correct
2002 ESPN USA Today Preseason Poll
Washington
91.9%
2003 ESPN USA Today Preseason Poll
Auburn
91.9%
2004 ESPN USA Today Final Poll
Auburn
91.9%
2006 ESPN USA Today Preseason Poll
Notre Dame
91.9%
2006 ESPN USA Today Preseason Poll
Auburn
91.9%
2006 ESPN USA Today Final Poll
Auburn
91.9%
2010 ESPN USA Today Final Poll
Auburn
91.9%
2011 ESPN USA Today Final Poll
Michigan State
91.9%
2002 ESPN USA Today Preseason Poll
Nebraska
91%
2005 ESPN USA Today Final Poll
Pennsylvania State
91%
2008 ESPN USA Today Final Poll
Pennsylvania State
91%
2009 ESPN USA Today Preseason Poll
Pennsylvania State
91%
2009 ESPN USA Today Final Poll
Pennsylvania State
91%
2010 ESPN USA Today Preseason Poll
Nebraska
91%
2003 ESPN USA Today Preseason Poll
Virginia Tech
90.1%
2004 ESPN USA Today Final Poll
Virginia Tech
90.1%
2005 ESPN USA Today Preseason Poll
Virginia Tech
90.1%
2005 ESPN USA Today Final Poll
Virginia Tech
90.1%
2007 ESPN USA Today Preseason Poll
Virginia Tech
90.1%
2007 ESPN USA Today Final Poll
Virginia Tech
90.1%
2009 ESPN USA Today Preseason Poll
Virginia Tech
90.1%
2009 ESPN USA Today Final Poll
Virginia Tech
90.1%
2010 ESPN USA Today Preseason Poll
Virginia Tech
90.1%
2011 ESPN USA Today Preseason Poll
Texas A&M
89.2%
2010 ESPN USA Today Final Poll
Oklahoma State
88.3%
2011 ESPN USA Today Preseason Poll
Oklahoma State
88.3%
2011 ESPN USA Today Final Poll
Oklahoma State
88.3%
2002 ESPN USA Today Preseason Poll
Florida State
86.5%
2003 ESPN USA Today Final Poll
Florida State
86.5%
2004 ESPN USA Today Preseason Poll
Florida State
86.5%
2005 ESPN USA Today Final Poll
Texas Christian
86.5%
2006 ESPN USA Today Preseason Poll
Florida State
86.5%
2007 ESPN USA Today Final Poll
Kansas
86.5%
2008 ESPN USA Today Final Poll
Texas Christian
86.5%
2009 ESPN USA Today Preseason Poll
Mississippi
86.5%
2009 ESPN USA Today Final Poll
Texas Christian
86.5%
2010 ESPN USA Today Preseason Poll
Texas Christian
86.5%
2010 ESPN USA Today Final Poll
Texas Christian
86.5%
2011 ESPN USA Today Preseason Poll
Florida State
86.5%
2012 ESPN USA Today Preseason Poll
Florida State
86.5%
2004 ESPN USA Today Final Poll
Utah
85.6%
2008 ESPN USA Today Final Poll
Utah
85.6%
2011 ESPN USA Today Final Poll
Arkansas
85.6%
2012 ESPN USA Today Preseason Poll
Arkansas
85.6%
2002 ESPN USA Today Final Poll
Iowa
83.8%
2003 ESPN USA Today Final Poll
Iowa
83.8%
2004 ESPN USA Today Final Poll
Iowa
83.8%
2005 ESPN USA Today Preseason Poll
Iowa
83.8%
2009 ESPN USA Today Final Poll
Iowa
83.8%
2010 ESPN USA Today Preseason Poll
Iowa
83.8%
2011 ESPN USA Today Final Poll
South Carolina
83.8%
2012 ESPN USA Today Preseason Poll
South Carolina
83.8%
2005 ESPN USA Today Final Poll
West Virginia
82.9%
2006 ESPN USA Today Preseason Poll
West Virginia
82.9%
2006 ESPN USA Today Final Poll
West Virginia
82.9%
2007 ESPN USA Today Preseason Poll
West Virginia
82.9%
2007 ESPN USA Today Final Poll
West Virginia
82.9%
2008 ESPN USA Today Preseason Poll
West Virginia
82.9%
2002 ESPN USA Today Final Poll
Washington State
82%
2003 ESPN USA Today Final Poll
Washington State
82%
2007 ESPN USA Today Final Poll
Missouri
82%
2008 ESPN USA Today Preseason Poll
Missouri
82%
2002 ESPN USA Today Final Poll
Kansas State
81.1%
2003 ESPN USA Today Preseason Poll
Kansas State
81.1%
2004 ESPN USA Today Final Poll
California
81.1%
2008 ESPN USA Today Preseason Poll
Clemson
80.2%
2002 ESPN USA Today Preseason Poll
Colorado
79.3%
2004 ESPN USA Today Final Poll
Louisville
76.6%
2006 ESPN USA Today Final Poll
Louisville
76.6%
2009 ESPN USA Today Final Poll
Cincinnati
54.1%
Quiz Playlist
Details
Report
Send in Message
Add To Playlist
Classic:
Type in answers that appear in a list
Quiz Source
Last Updated: Feb 16, 2017
Quiz Scoreboard
CHALLENGE
Sign Up to Join the Scoreboard
Show All
Scores
Hide
Comments
May contain spoilers
Recently Published
Colored Red Africa Blitz
by spor1
Geography
30s
Find the 'City' Movie
by crazypaving
Movies
60s
5x2 Blitz: Bands
by SL_Kpop136
Music
30s
More to Explore
Quiz From the Vault
Featured Blog Post
14 Easter Pick-up Lines to Find Eggs With
hide this ad
You Might Also Like...
Tags
United States Quiz
ESPN
final
preseason
school
Today
Top 10
USA Today
Today's Top Quizzes in Sports
Browse Sports
hide this ad
Today's Top Quizzes in United States
Browse United States
Top Contributed Quizzes in Sports
1
Les entraîneurs de l'OM et du PSG au 21e siècle
2
Les meilleurs buteurs des matchs entre le PSG et l’OM
3
Les joueurs passés par le PSG et l'OM
4
Players with Multiple 50 Home Run Seasons
5
2022 World Cup Stars
6
Criteria MLB: Left Handed Sluggers
7
NBA Logic Puzzle 2.0
8
MLB Players with Two .350 Batting Average Seasons
9
Top 10 NHL Goal Scorers of All Time
10
Les joueurs passés par le LOSC et le RC Lens
Explore More
Trending Topics
Harry Potter
Anime
Kpop
NBA
Marvel
Disney
Crossword
Puzzle
Country
Song
The Office
Pokémon
WWE
NFL
Soccer
hide this ad
More By:
jek3303
Quiz
Plays
Rating
Category
Featured
Created
Starting Quarterbacks Week 1 2012
4,265
3.35
Sports
Sep 13, 2012
Last 5 Quarterbacks to be Drafted by College
430
3.00
Sports
Sep 13, 2012
Starting Quarterbacks since 2003
177
Sports
Sep 16, 2012
ESPN USA Today Preseason and Final Football Top 10
111
4.33
Sports
Sep 15, 2012
2012 Week 1 2nd String Quarterbacks
77
Sports
Sep 15, 2012
Go to Creator's Profile
Score Distribution
Quiz Creator Spotlight
jek3303
Follow
Send a Message
Quizzes Created
-
Created Quiz Play Count
-
More By This Creator
Popular Quizzes Today
1
Colored Red Africa Blitz
2
Find the 'City' Movie
3
5x2 Blitz: Bands
4
Find the US States - No Outlines Minefield
5
The Countries of the World
6
Find the US States
7
US States
8
Find the Countries of Europe - No Outlines Minefield
More Sports Quizzes
Super Bowl Teams: A Logic Puzzle
Quiz Lab
Trending Quizzes
Colored Red Europe Blitz I
Colored Red Europe Blitz II
Colored Red Africa Blitz II
Colored Red Europe Blitz III
Colored Red Africa Blitz III
Recently Updated
How Do You Spell That?
pecheneg
Godzilla Movies
pecheneg
Grab Bag: 4-10 Letters
pecheneg
2024 March Madness Bracket
pecheneg
Famous TV Couples
Peacemaker
Champions League XIs: Real Madrid
pecheneg
Largest US Cities 1790-2010
pecheneg
Rides in Walt Disney World
pecheneg
Most Oscar Losses (Acting)
pecheneg
Beyoncé Albums
pecheneg
Trending Topics
Disney
Harry Potter
Anime
Crossword
Marvel
Kpop
NBA
The Office
Pokémon
Puzzle
Country
Song
NFL
Soccer
WWE
Your Account Isn't Verified!
In order to create a playlist on Sporcle, you need to verify the email address you used during registration. Go to your
Sporcle Settings
to finish the process.
Report this User
Report this user for behavior that violates our
Community Guidelines
.
Details:
Send Report
Go to the Sporcle.com Mobile Site →
Comments